[Event "Netanya op"]
[Site "Netanya"]
[Date "2019.06.28"]
[Round "6"]
[White "Lisnovetzky, Daniel"]
[Black "Baran, Yulia"]
[Result "1-0"]
[WhiteElo "1314"]
[BlackElo "1344"]
[PlyCount "63"]
[EventDate "2019.06.23"]
[EventType "swiss"]
[EventRounds "9"]
[EventCountry "ISR"]
[SourceTitle "CBM 191 Extra"]
[Source "ChessBase"]
[SourceDate "2019.09.30"]
[SourceVersion "1"]
[SourceVersionDate "2019.09.30"]
[SourceQuality "1"]

1. e4 e5 2. Nf3 d6 3. Bc4 Be7 4. d4 exd4 5. Nxd4 Nf6 6. Nc3 Bd7 7. Be3 Nc6 8. Qd2 0-0 9. 0-0-0 Nxd4 10. Bxd4 Bc6 11. f3 h6 12. g4 Nd7 13. Nd5 Ne5 14. Bxe5 dxe5 15. Nxe7+ Qxe7 16. Rdg1 Rad8 17. Qe3 b5 18. Bb3 a5 19. a3 Qg5 20. Qxg5 hxg5 21. h4 gxh4 22. Rxh4 g6 23. g5 Kg7 24. Rgh1 Rh8 25. Rxh8 Rxh8 26. Rxh8 Kxh8 27. Bxf7 Kg7 28. Bd5 Bxd5 29. exd5 Kf7 30. Kd2 Ke7 31. Ke3 Kd6 32. Ke4 1-0